000 00401nam a2200157Ia 4500
008 230718s9999 xx 000 0 und d
041 _aeng
082 _a341.1
_bPOI
100 _aPoissant
_9145833
245 _aHow To Think Like A Millionaire
260 _c1997
_bHarper Collins
300 _a272
365 _cRs.
_b95.00
700 _aPoissant
_9145833
906 _dB:567206-Jun-2000
_cOTH
_b14.25
999 _c300737
_d300737